[Event "Los Inmortales IV"]
[Site "Santo Domingo DOM"]
[Date "2002.12.02"]
[Round "6"]
[White "Tiviakov,S"]
[Black "Jonkman,H"]
[Result "0-1"]
[WhiteElo "2631"]
[BlackElo "2456"]

1.e4 e5 2.Nf3 Nc6 3.Bc4 Nf6 4.d3 Bc5 5.c3 a6 6.Bb3 Ba7 7.O-O d6 8.Be3 O-O
9.Nbd2 Be6 10.Bxe6 fxe6 11.Bxa7 Rxa7 12.Qb3 Qe7 13.d4 Nd7 14.a4 a5 15.Qb5 Qf6
16.d5 Ncb8 17.b4 exd5 18.exd5 Qg6 19.bxa5 Nc5 20.Nxe5 Qf5 21.Rae1 Nba6 22.Nef3 Qxd5
23.Ne4 h6 24.Nd4 Qa2 25.Nxc5 Nxc5 26.Re7 c6 27.Qb6 Raa8 28.Qc7 Rf7 29.Qxd6 Qd5
30.Qc7 Raf8 31.a6 bxa6 32.Nxc6 Ne6 33.Qb6 Rxf2 34.Qxf2 Rxf2 35.Rxf2 Qxc6
36.h3 Nf4 37.Rxg7+ Kxg7 38.Rxf4 Qxc3 39.Kh2 Qe5 40.g3 Qe2+ 41.Kg1 Kg6 42.Kh1 Kg5
43.h4+ Kh5 44.Kg1 a5 45.Kh1 Qd2 46.Re4 Qd5  0-1

[Event "AIG Life rapid"]
[Site "Warsaw POL"]
[Date "2002.12.21"]
[Round "2"]
[White "Zawadzka,J"]
[Black "Tiviakov,S"]
[Result "0-1"]
[WhiteElo "2310"]
[BlackElo "2631"]

1.e4 c5 2.Nf3 d6 3.d4 cxd4 4.Nxd4 Nf6 5.Nc3 g6 6.Be3 Bg7 7.f3 Nc6 8.Qd2 O-O
9.O-O-O d5 10.exd5 Nxd5 11.Nxc6 bxc6 12.Bd4 e5 13.Bc5 Be6 14.Ne4 Re8 15.h4 Nf4
16.Nd6 Re7 17.Bc4 Rd7 18.Qf2 Bh6  0-1

[Event "AIG Life rapid QF4"]
[Site "Warsaw POL"]
[Date "2002.12.22"]
[Round "1"]
[White "Tiviakov,S"]
[Black "Chernyshov,K"]
[Result "1-0"]
[WhiteElo "2631"]
[BlackElo "2549"]

1.e4 g6 2.d4 Bg7 3.c3 c6 4.Nf3 d5 5.Nbd2 dxe4 6.Nxe4 Nd7 7.Bc4 Nb6 8.Bb3 Bf5
9.Ng3 Qd7 10.O-O Bg4 11.h3 Bxf3 12.Qxf3 Nf6 13.Ne4 Nxe4 14.Qxf7+ Kd8 15.Qxg7 Kc7
16.Re1  1-0

[Event "AIG Life rapid QF4 p/o"]
[Site "Warsaw POL"]
[Date "2002.12.22"]
[Round "1"]
[White "Tiviakov,S"]
[Black "Markowski,T"]
[Result "1-0"]
[WhiteElo "2631"]
[BlackElo "2549"]

1.e4 c5 2.Nf3 e6 3.c3 d5 4.exd5 Qxd5 5.d4 Nf6 6.Na3 Nc6 7.Nc2 Be7 8.Be2 O-O
9.O-O b6 10.dxc5 Bxc5 11.Qxd5 Nxd5 12.a3 a5 13.Rd1 Bb7 14.Ncd4 Nxd4 15.Nxd4 Rfd8
16.Bf3 Rab8 17.Bg5 Rdc8 18.a4 h6 19.Bh4 Nf4 20.Bxb7 Rxb7 21.Bg3 Bxd4 22.Bxf4 Bf6
23.Rd2 b5 24.axb5 Rxb5 25.h3 g5 26.Be3 Kg7 27.Kf1 Rc4 28.Ke2 a4 29.Kd3 Rc6
30.Rxa4 Kg6 31.Kc2 Rc8 32.Bd4 e5 33.Be3 Rcb8 34.b4 Rc8 35.Bc5 e4 36.Rd6 Kf5
37.Raa6 Be5 38.Rxh6 f6 39.g4+ Kf4 40.Rhxf6+ Bxf6 41.Rxf6+ Ke5 42.Rf5+ Ke6
43.Rxg5 Ra8 44.Kb3 Rh8 45.Kc4 Rbb8 46.Bd4 Rxh3 47.Re5+ Kd7 48.Rxe4 Rf3 49.g5 Rg8
50.Be3 Rf5 51.f4 Rc8+ 52.Kd3 Rh8 53.Rd4+ Kc6 54.Rc4+ Kb7 55.Ke4 Rf7 56.Bd4 Rh1
57.Be5 Rg1 58.Rd4 Kc6 59.Rd6+ Kb5 60.g6 Rb7 61.g7 Re7 62.Kf5 Kc4 63.Rc6+ Kd5
64.Rd6+ Kc4 65.Rd4+ Kb5 66.Rd8 Rexg7 67.Bxg7 Rxg7 68.Rc8  1-0

[Event "AIG Life rapid QF4 p/o"]
[Site "Warsaw POL"]
[Date "2002.12.22"]
[Round "2"]
[White "Korchnoi,V"]
[Black "Tiviakov,S"]
[Result "1/2-1/2"]
[WhiteElo "2634"]
[BlackElo "2631"]

1.d4 Nf6 2.c4 e6 3.Nc3 Bb4 4.Qc2 O-O 5.a3 Bxc3+ 6.Qxc3 b6 7.Nf3 Bb7 8.g3 d5
9.Bg2 Nbd7 10.cxd5 Bxd5 11.O-O c5 12.Be3 Rc8 13.Rfd1 Qe7 14.dxc5 Ne4 15.Qb4 Nexc5
16.Nd4 Bxg2 17.Kxg2 Nf6 18.Bg5 Qb7+ 19.f3 Nd5 20.Qe1 h6 21.Bd2 Rfd8 22.e4 Ne7
23.Be3 e5 24.Nb5 Nb3 25.Rxd8+ Rxd8 26.Rd1 Rd7 27.Qe2 Na5 28.b4 Nc4 29.Bf2 Rxd1
30.Qxd1 a6 31.Qd8+ Kh7 32.Nd6 Nxd6 33.Qxd6 Nc6 34.h4 h5 35.a4 b5 36.a5 Qc8
37.Bc5 Qe6 38.Qxe6 fxe6 39.g4 g6 40.Kg3 Kg7 41.f4 hxg4 42.fxe5 Kh6 43.Kxg4 Nxe5+
44.Kf4 Nc6 45.Kg4 Ne5+ 46.Kg3 Kh5 47.Be7 Nc6 48.Bd6 g5 49.hxg5 Kxg5 50.Kf3 Kf6
51.Kg4 Kg6 52.Kh4 Kh6  1/2-1/2

[Event "AIG Life rapid QF4"]
[Site "Warsaw POL"]
[Date "2002.12.22"]
[Round "4"]
[White "Markowski,T"]
[Black "Tiviakov,S"]
[Result "0-1"]
[WhiteElo "2549"]
[BlackElo "2631"]

1.g3 Nf6 2.Bg2 d5 3.Nf3 e6 4.O-O b6 5.d4 Bb7 6.c4 c6 7.b3 Be7 8.Bb2 O-O 9.Qc2 Na6
10.Nc3 c5 11.cxd5 Nb4 12.Qd2 Nbxd5 13.Nxd5 Bxd5 14.Rfd1 Rc8 15.Ne5 Bxg2 16.Kxg2 Qd5+
17.f3 Rfd8 18.e4 Qb7 19.Qe2 cxd4 20.Bxd4 Ne8 21.Bb2 Nd6 22.Rac1 Rxc1 23.Rxc1 Rc8
24.Rxc8+ Qxc8 25.Qd3 h5 26.Ba3 Qc7 27.Bxd6 Bxd6 28.Nc4 Be7 29.a4 h4 30.Qd4 hxg3
31.hxg3 Bc5 32.Qe5 Qd8 33.Qc3 Qd1 34.Ne5 g6 35.f4 Qg1+ 36.Kf3 Qh1+ 37.Ke2 Qxe4+
38.Kd1 Bd4 39.Qd3 Qh1+ 40.Kc2 Qg2+ 41.Kc1 Qb2+ 42.Kd1 Bxe5 43.fxe5 Qxe5  0-1

[Event "AIG Life rapid QF4"]
[Site "Warsaw POL"]
[Date "2002.12.22"]
[Round "5"]
[White "Chernyshov,K"]
[Black "Tiviakov,S"]
[Result "1/2-1/2"]
[WhiteElo "2549"]
[BlackElo "2631"]

1.f4 d5 2.Nf3 Nf6 3.b3 g6 4.Bb2 Bg7 5.e3 c5 6.Bb5+ Nbd7 7.O-O O-O 8.Qe1 a6
9.Bxd7 Bxd7 10.d3 b5 11.Nbd2 Qb6 12.Ne5 Be6 13.a4 Rfc8 14.Qh4 Qd6 15.Ndf3 h6
16.Qe1 Nd7 17.h3 Nf8 18.Nd2 f6 19.Nef3 Bf7 20.e4 dxe4 21.Nxe4 Qc6 22.Nh4 c4
23.axb5 Qb6+ 24.Qf2 Qxf2+ 25.Rxf2 cxb3 26.cxb3 axb5 27.Rxa8 Rxa8 28.b4 Nd7
29.f5 g5 30.Nf3 Nb6 31.Nd4 Nd5 32.Bc3 Be8 33.Rc2 Rc8 34.Nc5 e5 35.fxe6 Nxc3
36.Rxc3 f5 37.Nxf5 Bxc3 38.Ne7+ Kf8 39.Nxc8 Bxb4 40.Nd7+ Bxd7 41.exd7 Ba5
42.Kf1 Bd8 43.Ke2 b4 44.Na7 Ke7 45.Nc6+ Kxd7 46.Nxb4 Kd6 47.Kf3 Ba5 48.Nc2 Ke5
49.Kg4 Bd2 50.g3 Kf6 51.Kh5 Ke5 52.g4 Kf4 53.Kxh6 Kf3 54.Kh5 Ke2 55.d4 Kd3
56.d5 Kxc2 57.d6 Kd3 58.d7 Ba5 59.Kxg5 Ke4 60.Kg6 Ke5 61.h4 Ke6 62.h5 Kxd7
63.g5 Bd2 64.h6 Ke7  1/2-1/2

[Event "AIG Life rapid QF4"]
[Site "Warsaw POL"]
[Date "2002.12.22"]
[Round "6"]
[White "Tiviakov,S"]
[Black "Korchnoi,V"]
[Result "1-0"]
[WhiteElo "2631"]
[BlackElo "2634"]

1.e4 e5 2.Nf3 Nc6 3.Bc4 Nf6 4.d3 Be7 5.Bb3 O-O 6.c3 d6 7.Nbd2 Be6 8.Bc2 d5
9.Qe2 d4 10.O-O Bc5 11.Nb3 Bb6 12.Bg5 h6 13.Bh4 Re8 14.Nfd2 a5 15.a4 Bg4
16.Qe1 g5 17.Bg3 Nh5 18.Nc4 Nxg3 19.hxg3 dxc3 20.bxc3 Ra6 21.Nxb6 Rxb6 22.Qe3 f5
23.exf5 Bxf5 24.Nc5 Kg7 25.Bb3 Re7 26.Bc4 Qd6 27.Rae1 Rb2 28.Bb5 Nd8 29.d4 b6
30.Ne4 Qg6 31.Nd2 c6 32.Nc4 Ra2 33.Nxe5 cxb5 34.g4 Bxg4 35.Qg3 Rxe5 36.Qxe5+ Qf6
37.Qxb5 Nf7 38.Qc4 Rd2 39.Re3 Nd6 40.Qc7+ Nf7 41.f3 Bh5 42.Rfe1 Rb2 43.Re6 Rxg2+
44.Kxg2 Qxf3+ 45.Kg1 Qg4+ 46.Kh2 Qf5 47.Qg3 Qc2+ 48.Kg1  1-0

[Event "6th Open"]
[Site "Malaga ESP"]
[Date "2003.02.25"]
[Round "5"]
[White "Tiviakov,S"]
[Black "Cifuentes Parada,R"]
[Result "1-0"]
[WhiteElo "2635"]
[BlackElo "2506"]

1.e4 c5 2.c3 e6 3.Nf3 d5 4.exd5 exd5 5.d4 Nc6 6.Bb5 Bd6 7.dxc5 Bxc5 8.O-O Ne7
9.Nbd2 O-O 10.Nb3 Bb6 11.Re1 Bg4 12.Be3 Bxe3 13.Rxe3 Qd6 14.Bd3 h6 15.h3 Bd7
16.Qd2 Rad8 17.Rd1 Rfe8 18.Bc2 Qc7 19.Rde1 Kf8 20.Ne5 Nxe5 21.Rxe5 Qd6 22.c4 Ba4
23.Na5 Bc6 24.Nxc6 bxc6 25.Qe2 dxc4 26.Ba4 Rd7 27.Qxc4 Rb8 28.Qe2 f6 29.Re6 Qb4
30.Bc2 Qd2 31.Bh7 Qf4 32.Qh5 Nf5 33.Rxc6  1-0

[Event "ch-NED Open"]
[Site "Dieren NED"]
[Date "2003.07.23"]
[Round "2"]
[White "Tiviakov,S"]
[Black "Van Beek,A"]
[Result "1-0"]
[WhiteElo "2613"]
[BlackElo "2264"]

1.e4 c6 2.d3 d5 3.Nd2 e5 4.Ngf3 Bd6 5.d4 exd4 6.exd5 Qe7+ 7.Qe2 cxd5 8.Nxd4 Nc6
9.Qxe7+ Kxe7 10.N2f3 Nf6 11.h3 Ne4 12.Be3 f5 13.Ne2 Be6 14.Nfd4 Nxd4 15.Bxd4 Kf7
16.O-O-O Rac8 17.f3 Ng3 18.Nxg3 Bxg3 19.Bb5 a6 20.Ba4 Rhd8 21.Rd3 Bd7 22.Bxd7 Rxd7
23.Rf1 Bf4+ 24.Kd1 h5 25.g4 g6 26.Rg1 Rg8 27.Rb3 Bh6 28.Rb6 Bg7 29.Bxg7 Rxg7
30.g5 Re7 31.Re1 Ke8 32.Rxe7+ Rxe7 33.Kd2 Kf7 34.Kd3 h4 35.Kd4 Re2 36.Rxb7+ Kf8
37.c3 Rf2 38.Ke5 Rxf3 39.Kf6 Ke8 40.Kxg6 f4 41.Rf7 Rxh3 42.Rxf4 Rh2 43.b4 h3
44.Rf3 Rh1 45.Kh6 h2 46.Rf2  1-0

[Event "ch-NED Open"]
[Site "Dieren NED"]
[Date "2003.07.25"]
[Round "4"]
[White "Tiviakov,S"]
[Black "Hartoch,R"]
[Result "1-0"]
[WhiteElo "2613"]
[BlackElo "2318"]

1.e4 g6 2.d4 Bg7 3.c3 d6 4.Nf3 Nf6 5.Bd3 O-O 6.O-O Nbd7 7.Bg5 h6 8.Bh4 e5
9.Nbd2 Qe8 10.Re1 Nh5 11.Nc4 Nf4 12.Bf1 Nb6 13.Ne3 Bd7 14.dxe5 dxe5 15.Nd2 Be6
16.c4 f6 17.Qc2 Nd7 18.Nd5 Rc8 19.f3 c6 20.Nxf4 exf4 21.c5 Ne5 22.Bf2 Rd8
23.Nb3 Rf7 24.Rad1 Rfd7 25.Rxd7 Rxd7 26.Nd4 Bf8 27.Be2 h5 28.b3 Kh7 29.Rd1 Bf7
30.h4 Qd8 31.b4 a6 32.a3 Qc7 33.Qc1 Bh6 34.Qc3 Qd8 35.Kf1 Qg8 36.Rc1 Bg7
37.a4 Qd8 38.b5 axb5 39.axb5 cxb5 40.Bxb5 Rc7 41.Ne2 Bh6 42.c6 Rxc6 43.Bxc6 bxc6
44.Bd4 Qe7 45.Ra1 Qe6 46.Ra7 Kg8 47.Qb4 Nxf3 48.gxf3 Qh3+ 49.Ke1 Qxf3 50.Qe7  1-0

[Event "ch-NED Open"]
[Site "Dieren NED"]
[Date "2003.07.26"]
[Round "5"]
[White "Smeets,J"]
[Black "Tiviakov,S"]
[Result "1/2-1/2"]
[WhiteElo "2477"]
[BlackElo "2613"]

1.e4 c5 2.Nf3 Nc6 3.d4 cxd4 4.Nxd4 g6 5.c4 Bh6 6.Bxh6 Nxh6 7.Nc3 O-O 8.Be2 f6
9.O-O Nf7 10.Rc1 b6 11.Qd2 Bb7  1/2-1/2

[Event "ch-NED Open"]
[Site "Dieren NED"]
[Date "2003.07.31"]
[Round "9"]
[White "Dambacher,M"]
[Black "Tiviakov,S"]
[Result "1/2-1/2"]
[WhiteElo "2403"]
[BlackElo "2613"]

1.d4 Nf6 2.c4 e6 3.Nc3 Bb4 4.e3 O-O 5.Bd3 d5 6.cxd5 exd5 7.Ne2 Bd6 8.O-O a6
9.f3 c5 10.Qe1 Nc6 11.Qh4 Be6 12.dxc5 Bxc5 13.Nd4 Ne5 14.Bc2 Rc8 15.Nce2 Re8
16.b3 Be7 17.Rd1 Ne4 18.Qe1 Bh4 19.Qf1 Nd6 20.Bb2 Bf6 21.Rac1 Qb6 22.Qf2 g6
23.Ba1 Bg7 24.Bb1 Rxc1 25.Rxc1 Nc6 26.Bc3 Bd7 27.Rd1 Qc5 28.Bb2 Nb5 29.Rc1 Qb6
30.Rd1 Bh6 31.e4 dxe4 32.Bxe4 Nd6 33.Ng3 Bf4 34.Nc2 Qxf2+ 35.Kxf2 Bxg3+ 36.Kxg3 Nxe4+
37.fxe4 Bc8 38.Nd4 Ne5 39.Ne2 Bg4 40.Bxe5 Bxe2 41.Rd5 Bb5 42.Kf4 Bc6 43.Rd4 Re6
44.Rd6 Rxd6  1/2-1/2

[Event "HZ Open"]
[Site "Vlissingen NED"]
[Date "2003.08.03"]
[Round "3"]
[White "Huhndorf,A"]
[Black "Tiviakov,S"]
[Result "0-1"]
[WhiteElo "2244"]
[BlackElo "2613"]

1.d4 Nf6 2.c4 e6 3.g3 d5 4.Nf3 Bb4+ 5.Bd2 Be7 6.Qc2 O-O 7.Bg2 c6 8.O-O b6
9.b3 Ba6 10.Bf4 Nbd7 11.Nbd2 Nh5 12.Be3 Rc8 13.Qb2 Nhf6 14.Rac1 Ng4 15.Qc3 Nxe3
16.Qxe3 c5 17.Rfe1 cxd4 18.Qxd4 Nf6 19.cxd5 Nxd5 20.Rxc8 Qxc8 21.Ne4 f5 22.Neg5 Bf6
23.Qa4 h6 24.Nxe6 b5 25.Qa3 Qxe6  0-1

[Event "HZ Open"]
[Site "Vlissingen NED"]
[Date "2003.08.05"]
[Round "5"]
[White "Solleveld,Maa"]
[Black "Tiviakov,S"]
[Result "1/2-1/2"]
[WhiteElo "2458"]
[BlackElo "2613"]

1.e4 c6 2.d4 d5 3.exd5 cxd5 4.c4 Nf6 5.Nc3 e6 6.Nf3 Nc6 7.c5 Be7 8.Bb5 O-O
9.O-O Bd7 10.a3 Ne4 11.Qc2 Nxc3  1/2-1/2

[Event "HZ Open"]
[Site "Vlissingen NED"]
[Date "2003.08.06"]
[Round "6"]
[White "Tiviakov,S"]
[Black "Pedersen,St"]
[Result "1-0"]
[WhiteElo "2613"]
[BlackElo "2416"]

1.e4 c6 2.d3 d5 3.Nd2 e5 4.Ngf3 Bd6 5.d4 exd4 6.exd5 Nf6 7.dxc6 Nxc6 8.Nb3 O-O
9.Be2 Re8 10.O-O Bg4 11.h3 Bh5 12.Nfxd4 Rxe2 13.Nxe2 Qe7 14.f3 Rd8 15.Qe1 Nb4
16.Ned4 Qc7 17.Bg5 Bg6 18.Kh1 Nxc2 19.Nxc2 Qxc2 20.Bxf6 gxf6 21.Rd1 Kg7 22.Qf2 Qc7
23.f4 Be4 24.Nd4 Qb6 25.Rfe1 Re8 26.Rxe4  1-0

[Event "HZ Open"]
[Site "Vlissingen NED"]
[Date "2003.08.08"]
[Round "8"]
[White "Tiviakov,S"]
[Black "Afek,Y"]
[Result "1/2-1/2"]
[WhiteElo "2613"]
[BlackElo "2387"]

1.e4 c5 2.Nc3 e6 3.Nf3 Nf6 4.d4 d5 5.exd5 Nxd5 6.Nxd5 Qxd5 7.Be3 cxd4 8.Nxd4 a6
9.Be2 e5 10.Bf3 Qa5+ 11.Bd2 Bb4 12.O-O Bxd2 13.Nb3 Qc7 14.Qxd2 O-O 15.Rfe1 Be6
16.Qa5 Qc8 17.Qxe5 Nd7 18.Qe2 Nb6 19.Nd4 Bd5 20.Bxd5 Nxd5 21.Qe5 Nf6 22.c3 Qc4
23.g3 Rfe8 24.Qf4 Nd7 25.Re3 Rxe3 26.Qxe3 Nf6 27.Re1 g6 28.Qg5 Re8 29.Rxe8+ Nxe8
30.Qe7 Qc8 31.h3 Ng7 32.a4 h5 33.Qe5 Kh7 34.Nf3 Ne6 35.Qf6 Kg8 36.Ne5 Qe8
37.g4 hxg4 38.hxg4 Nc5 39.a5 Nd7 40.Nxd7 Qxd7 41.Qd4 Qe6 42.b4 Kh7 43.Kg2 Qc6+
44.Kg3 Qc7+ 45.Kf3 Qc6+ 46.Kf4 Qc7+ 47.Qe5 Qd7 48.Qd4 Qc7+ 49.Ke3 Qe7+ 50.Kd2 Qg5+
51.Kd3 Qb5+ 52.Qc4 Qd7+ 53.Kc2 Kg8 54.Qe4 Kh7 55.f3 Kg8 56.Kb3 Kh7 57.Kc4 Qc7+
58.Kd4 Qd6+ 59.Qd5 Qf6+ 60.Kd3 Qe7 61.Kc4 Qc7+ 62.Kb3 Qe7 63.b5 axb5 64.Qxb5 Kg8
65.Qd5 Qe1 66.Kc4 Qe2+ 67.Kc5 Qe3+ 68.Kb4 Qe7+ 69.Kb5 Qe8+ 70.Kb6 Qe3+ 71.Kxb7 Qxc3
72.a6 Qb4+ 73.Kc7 Qa4 74.Qc6 Qd4 75.Kc8 Kh7 76.Kb7 Qb4+ 77.Qb6 Qe7+ 78.Qc7 Qb4+
79.Kc8 Qb3 80.Qb7 Qe6+ 81.Kc7 Qe5+ 82.Kc6 Qe6+ 83.Kc5 Qe3+ 84.Kc4 Qc1+ 85.Kd3 Qd1+
86.Ke4 Qe2+ 87.Kf4 g5+ 88.Kf5 Qe6+ 89.Kxg5 Qe5+ 90.Kh4 Qh2+ 91.Kg5 Qe5+ 92.Kh4 Qh2+
93.Kg5  1/2-1/2

[Event "HZ Open"]
[Site "Vlissingen NED"]
[Date "2003.08.09"]
[Round "9"]
[White "Odendahl,R"]
[Black "Tiviakov,S"]
[Result "0-1"]
[WhiteElo "2369"]
[BlackElo "2613"]

1.c4 e5 2.g3 Nf6 3.Bg2 d5 4.cxd5 Nxd5 5.Nf3 Nc6 6.O-O Nb6 7.d3 Be7 8.Nbd2 O-O
9.a3 a5 10.b3 Be6 11.Bb2 f6 12.Qc2 Qd7 13.e3 Bd5 14.Rfd1 Rfd8 15.d4 exd4
16.Bxd4 Nxd4 17.Nxd4 Bf8 18.e4 Bf7 19.Nf5 Qc6 20.Qb2 Qb5 21.Bf1 Qe8 22.Ne3 Bc5
23.Ndc4 Nxc4 24.Nxc4 Qxe4 25.Bg2 Rxd1+ 26.Rxd1 Qg4 27.Qd2 c6 28.Nxa5 Rxa5
29.h3 Bxf2+ 30.Kf1 Qh5 31.Qd8+ Be8 32.g4 Qe5 33.Kxf2 Rxa3 34.Re1 Ra2+  0-1

[Event "56th ch-RUS"]
[Site "Krasnoyarsk RUS"]
[Date "2003.09.10"]
[Round "7"]
[White "Yemelin,V"]
[Black "Tiviakov,S"]
[Result "1/2-1/2"]
[WhiteElo "2550"]
[BlackElo "2613"]

1.e4 c5 2.Nf3 Nc6 3.d4 cxd4 4.Nxd4 g6 5.c4 Nf6 6.Nc3 d6 7.Be2 Nxd4 8.Qxd4 Bg7
9.Bg5 O-O 10.Qd2 Be6 11.Rc1 Qa5 12.f3 Rfc8 13.b3 a6 14.Na4 Qd8 15.O-O Rab8
16.c5 Rc6 17.Rfd1 Qf8 18.Bf4 Nh5 19.Be3 Rd8 20.Nb6 Nf6 21.b4 Nd7 22.b5 axb5
23.Bxb5 Rc7 24.Bxd7 Bxd7 25.cxd6 Rxc1 26.Qxc1 exd6 27.Qc7 Bc6 28.Bg5 Re8
29.Qxd6 Qxd6 30.Rxd6 Bf8 31.Rd3 f5 32.Nd5 fxe4 33.Nf6+ Kf7 34.Nxe4 Ra8  1/2-1/2

[Event "56th ch-RUS"]
[Site "Krasnoyarsk RUS"]
[Date "2003.09.12"]
[Round "9"]
[White "Belozerov,A"]
[Black "Tiviakov,S"]
[Result "1/2-1/2"]
[WhiteElo "2541"]
[BlackElo "2613"]

1.e4 c5 2.c3 d5 3.exd5 Qxd5 4.Nf3 Nf6 5.d4 e6 6.Na3 Qd8 7.Nc4 Nc6 8.Nce5 cxd4
9.Bb5 Bd7 10.Nxd7 Nxd7 11.Nxd4 Nxd4 12.Qxd4 a6 13.Ba4 b5 14.Bc2 Nf6 15.Qh4 Nd5
16.Qe4 Be7 17.O-O Rc8 18.Rd1 Qc7 19.Bd3 Nb6 20.Bf4 Qc6 21.Be5 f6 22.Qg4 fxe5
23.Qxg7 Rf8 24.Qxh7 Nd5 25.a4 Kd7 26.axb5 axb5 27.Rd2 Rh8 28.Qe4  1/2-1/2

[Event "EuTCh"]
[Site "Plovdiv BUL"]
[Date "2003.10.11"]
[Round "1"]
[White "Tiviakov,S"]
[Black "Arlandi,E"]
[Result "1-0"]
[WhiteElo "2601"]
[BlackElo "2438"]

1.e4 c5 2.Nf3 e6 3.c3 d5 4.exd5 Qxd5 5.d4 Nf6 6.Na3 Qd8 7.Nc2 Nbd7 8.Bd3 Be7
9.O-O O-O 10.Qe2 b6 11.Bf4 Bb7 12.Rad1 Qc8 13.Ne5 cxd4 14.Nxd4 Nd5 15.Bg3 Nxe5
16.Bxe5 Bf6 17.Rfe1 Bxe5 18.Qxe5 Qc7 19.Qxc7 Nxc7 20.f4 g6 21.Kf2 Rfd8 22.g4 Rd6
23.f5 Rad8 24.Bc2 Kf8 25.fxe6 Nxe6 26.Rxe6 Rxd4 27.Rxd4 Rxd4 28.cxd4 fxe6
29.Ke3 Bd5 30.a3 Ke7 31.Kf4 Kd6 32.h4 Bc6 33.Kg5 Kd5 34.h5 gxh5 35.gxh5 Kxd4
36.Bxh7 e5 37.h6 a5  1-0

[Event "Open"]
[Site "Bastia FRA"]
[Date "2003.10.30"]
[Round "5"]
[White "Tiviakov,S"]
[Black "Baklan,V"]
[Result "1/2-1/2"]
[WhiteElo "2601"]
[BlackElo "2600"]

1.e4 e6 2.d4 d5 3.Nd2 c5 4.exd5 exd5 5.Ngf3 Nf6 6.Bb5+ Bd7 7.Bxd7+ Nbxd7
8.O-O Be7 9.dxc5 Nxc5 10.Re1 O-O 11.Nf1 Re8 12.Be3 Rc8 13.c3 a5 14.Bd4 Ne6
15.Be5 Ne4 16.Ng3 Qb6 17.Nxe4  1/2-1/2

[Event "TCh-BEL 2003-4"]
[Site "Belgium BEL"]
[Date "2003.12.14"]
[Round "1"]
[White "Tiviakov,S"]
[Black "Winants,L"]
[Result "1-0"]
[WhiteElo "2601"]
[BlackElo "2498"]

1.e4 e5 2.Nf3 Nc6 3.Bc4 Bc5 4.c3 Nf6 5.d3 a6 6.Bb3 Ba7 7.O-O d6 8.Be3 O-O
9.Nbd2 h6 10.h3 Be6 11.Bxe6 fxe6 12.Qb3 Qd7 13.Bxa7 Rxa7 14.d4 exd4 15.cxd4 Raa8
16.Rac1 Rab8 17.Rfe1 Qf7 18.Qe3 Qg6 19.a3 Nh5 20.Kh2 Rf7 21.g3 Rbf8 22.Re2 e5
23.dxe5 Nxe5 24.Nh4 Qe6 25.f4 Nc6 26.Nhf3 Nf6 27.Qd3 Nd7 28.b4 g5 29.Qd5 Qg6
30.e5 dxe5 31.fxe5 Nb6 32.Qb3 g4 33.hxg4 Qxg4 34.Re4 Qg6 35.Rce1 Ne7 36.Nh4 Qh5
37.Qe6 Kh7 38.Kh3 Nf5 39.Rf1 Nxh4 40.Rxh4 Qg6 41.Qxg6+ Kxg6 42.Rg4+ Kh7 43.Rxf7+ Rxf7
44.Ne4 Nd5 45.Nc5 c6 46.e6 Re7 47.Nd7 Rg7 48.Rxg7+ Kxg7 49.Kg4 Kg6 50.Nc5 h5+
51.Kh4 b6 52.Nxa6 Ne3 53.a4 Nf5+ 54.Kh3 Nd4 55.Nc7 Kf6 56.a5 bxa5 57.bxa5 c5
58.a6 Nc6 59.Kh4 c4 60.Kxh5 Ke7 61.Nb5 Kf6 62.g4 Na7 63.g5+ Kg7 64.Nxa7 c3
65.e7 c2 66.e8=Q c1=Q 67.Qd7+ Kh8 68.Qc8+  1-0

[Event "TCh-BEL 2003-4"]
[Site "Belgium BEL"]
[Date "2004.02.01"]
[Round "8"]
[White "L'Ami,E"]
[Black "Tiviakov,S"]
[Result "1/2-1/2"]
[WhiteElo "2476"]
[BlackElo "2600"]

1.e4 c5 2.Nf3 Nc6 3.d4 cxd4 4.Nxd4 g6 5.c4 Nf6 6.Nc3 d6 7.Be2 Bg7 8.Be3 O-O
9.O-O Nxd4 10.Bxd4 Bd7 11.Qd2 Bc6 12.f3 a5 13.b3 Nd7 14.Be3 Nc5 15.Rab1 Qb6
16.Rfc1 Rfc8 17.Rc2 Be5 18.Kh1 Qb4 19.Qc1 Qb6 20.Qd2 Qb4 21.Qc1 Qb6 22.Qd2  1/2-1/2

[Event "FIDE WCh KO"]
[Site "Tripoli LBA"]
[Date "2004.06.19"]
[Round "1.1"]
[White "Sargissian,G"]
[Black "Tiviakov,S"]
[Result "1/2-1/2"]
[WhiteElo "2614"]
[BlackElo "2593"]

1.d4 Nf6 2.c4 e6 3.Nc3 Bb4 4.e3 O-O 5.Ne2 d5 6.a3 Be7 7.cxd5 Nxd5 8.Bd2 Nd7
9.g3 Nxc3 10.Bxc3 b6 11.Bg2 Rb8 12.Qa4 a5 13.O-O Ba6 14.Rfe1 c5 15.dxc5 Nxc5
16.Qg4 Bf6 17.Nd4 Qe8 18.Red1 Rd8 19.b4 Nb3 20.Rab1 Nxd4 21.Bxd4 Bxd4 22.Rxd4 Qa4
23.Qd1 Qxd1+ 24.Rbxd1 Rxd4 25.Rxd4 Rc8 26.Bc6 axb4 27.axb4 e5 28.Rd7 Bc4
29.b5 Rb8 30.Kg2 Be6 31.Ra7 g6 32.e4 Kg7 33.Kf3 Kf6 34.Ke3 Rd8 35.Rb7 Bc4
36.Bd7 Ke7 37.Bg4+ Kf8 38.Be2 Bxe2 39.Kxe2 Rd6 40.f4 exf4 41.gxf4 h6 42.Ke3 Rd1
43.Rxb6 Rh1 44.Ra6 Rxh2 45.Kd4 g5 46.f5 g4 47.f6 Kg8 48.e5 Kh7 49.Ke4 g3
50.Ra3 Rh4+ 51.Kf3 Rb4 52.Kxg3 Kg6 53.Rf3 Re4 54.b6 Rxe5 55.Rb3 Re8 56.b7 Rb8
57.Rb6 Kg5 58.Kf3 Kf5 59.Kg3 Kg5 60.Kg2 Kg4 61.Rb5 h5 62.Kh2 h4 63.Kg2 h3+
64.Kf2 Kf4 65.Kg1 Kg4 66.Kh1 Kf4  1/2-1/2

[Event "FIDE WCh KO"]
[Site "Tripoli LBA"]
[Date "2004.06.20"]
[Round "1.3"]
[White "Sargissian,G"]
[Black "Tiviakov,S"]
[Result "1-0"]
[WhiteElo "2614"]
[BlackElo "2593"]

1.d4 Nf6 2.c4 e6 3.Nc3 Bb4 4.e3 O-O 5.Ne2 d5 6.a3 Be7 7.cxd5 Nxd5 8.Bd2 Nxc3
9.Bxc3 b6 10.Ng3 Bb7 11.Bd3 Nd7 12.Qc2 h6 13.O-O c5 14.dxc5 Bxc5 15.Rfd1 Qe7
16.Nh5 e5 17.Ng3 Rac8 18.b4 Bd6 19.Nf5 Qg5 20.Bf1 Rxc3 21.Qxc3 Qxf5 22.Rxd6 Rc8
23.Qe1 Nf6 24.Rc1 Kf8 25.Rxc8+ Qxc8 26.Rd1 Qc7 27.Qd2 Bd5 28.f3 Ke7 29.e4 Be6
30.Rc1 Qb8 31.Qc3 Ne8 32.Bb5 Qd6 33.Bxe8 Kxe8 34.Qc7 Qd2 35.Qb8+ Ke7 36.Qxa7+ Kf6
37.Qc7 Qe3+ 38.Kh1 Qxa3 39.Qc3 Qa8 40.Qe3 Qa6 41.Rc6 g5 42.Qxb6 Qa1+ 43.Qg1 Qb2
44.Qe1 Kg7 45.Rc1 g4 46.Qc3  1-0

[Event "FIDE WCh KO"]
[Site "Tripoli LBA"]
[Date "2004.06.20"]
[Round "1.5"]
[White "Sargissian,G"]
[Black "Tiviakov,S"]
[Result "1-0"]
[WhiteElo "2614"]
[BlackElo "2593"]

1.d4 Nf6 2.c4 e6 3.Nc3 Bb4 4.e3 c5 5.Ne2 cxd4 6.exd4 O-O 7.a3 Be7 8.Nf4 d5
9.cxd5 Nxd5 10.Ncxd5 exd5 11.Be2 Nc6 12.O-O Bg5 13.Bf3 Bxf4 14.Bxf4 Bf5 15.Qd2 Qd7
16.h3 Rfe8 17.Rfe1 h6 18.Rac1 a6 19.Bg3 Rac8 20.Qf4 Rxe1+ 21.Rxe1 Be6 22.Qd2 Ne7
23.Bf4 Nf5 24.Bg4 Rc4 25.Be5 Rc6 26.Bd1 Nd6 27.Bxd6 Rxd6 28.Bf3 Rc6 29.Rc1 Qc7
30.Rxc6 Qxc6 31.h4 Qd6 32.g3 Kf8 33.Qc3 Ke7 34.Kf1 Kd7 35.Ke1 Kd8 36.Kd2 Kd7
37.b4 Qc6 38.Qc5 Qd6 39.Be2 g5 40.hxg5 hxg5 41.a4 Qc7 42.a5 Qd6 43.Kc3 Qc7
44.Kd2 Qd6 45.b5 axb5 46.Bxb5+ Ke7 47.Kc3 Bf5 48.Kb4 Be6 49.Ba4 Bf5 50.Bb3 Be4
51.Qxd6+ Kxd6 52.Kb5 Bf5 53.Kb6 Bc8 54.Ba4 f6 55.Bb5 f5 56.f4 gxf4 57.gxf4  1-0

[Event "FIDE WCh KO"]
[Site "Tripoli LBA"]
[Date "2004.06.20"]
[Round "1.7"]
[White "Sargissian,G"]
[Black "Tiviakov,S"]
[Result "0-1"]
[WhiteElo "2614"]
[BlackElo "2593"]

1.d4 Nf6 2.c4 e6 3.Nc3 Bb4 4.e3 c5 5.Ne2 cxd4 6.exd4 O-O 7.a3 Be7 8.d5 exd5
9.cxd5 Re8 10.d6 Bf8 11.g3 Re6 12.Bf4 Nh5 13.Be3 Rxd6 14.Qc2 Nf6 15.Bg2 Nc6
16.O-O Re6 17.Nf4 Re8 18.Nfd5 Nxd5 19.Nxd5 d6 20.Qb3 Rb8 21.Rac1 Be6 22.Rfd1 Qd7
23.Qa4 a6 24.Nb6 Qe7 25.Bxc6 bxc6 26.Qxc6 Qf6 27.Rd4 Qg6 28.b4 Bf5 29.Qc7 Be4
30.Nd5 Qf5 31.Qc4 Qf3 32.Rxe4 Rxe4 33.Qc6 Rbe8 34.Nc7 Rxe3 35.Qxf3 Rxf3 36.Nxe8 Rxa3
37.Rc8 Rb3 38.Rb8 g6 39.Nc7 Kg7 40.Nxa6 d5 41.b5 d4 42.Kf1 d3 43.Ke1 Rb2
44.b6 Bd6 45.Rb7 Be5 46.Kd1 Bc3  0-1

[Event "Open Dutch Champ"]
[Site "Dieren NED"]
[Date "2004.07.27"]
[Round "1"]
[White "Tiviakov,S"]
[Black "Hamelink,D"]
[Result "0-1"]
[WhiteElo "2601"]
[BlackElo "2219"]

1.e4 c5 2.Nc3 d6 3.Nge2 Nf6 4.d4 cxd4 5.Nxd4 a6 6.Be3 e5 7.Nb3 Be6 8.f3 h5
9.Qd2 Nbd7 10.O-O-O Qc7 11.Kb1 b5 12.f4 Be7 13.h3 Rc8 14.Bd3 Nb6 15.Qf2 Nc4
16.Bc1 exf4 17.Bxc4 Qxc4 18.Rd4 Qc6 19.Bxf4 O-O 20.Rhd1 Rfd8 21.Bg5 Qb6 22.Qh4 a5
23.g4 a4 24.Nc1 b4 25.Nd5 Nxd5 26.exd5 Bxg5 27.Qxg5 f6 28.Qd2 b3 29.axb3 axb3
30.Nxb3 Bf7 31.Qd3 Ra8 32.Rg1 Re8 33.gxh5 Bxh5 34.Qf5 Re5 35.Qd7 g6 36.Rdg4 Bxg4
37.Qxg4 g5 38.Rd1 Qa6 39.Qh5 Kg7 40.Kc1 Qe2 41.Qxe2 Rxe2 42.Nd4 Ra1+  0-1

[Event "Open Dutch Champ"]
[Site "Dieren NED"]
[Date "2004.07.28"]
[Round "2"]
[White "Struik,T"]
[Black "Tiviakov,S"]
[Result "0-1"]
[WhiteElo "2164"]
[BlackElo "2601"]

1.e4 c5 2.Nf3 d6 3.d4 cxd4 4.Nxd4 Nf6 5.Nc3 g6 6.Be3 Bg7 7.f3 Nc6 8.Qd2 Bd7
9.O-O-O Rc8 10.g4 Ne5 11.h4 h5 12.g5 Nh7 13.f4 Ng4 14.Bh3 Qa5 15.Bxg4 Bxg4
16.Rdf1 Nf8 17.f5 Nd7 18.Nb3 Bxc3 19.Nxa5 Bxd2+ 20.Bxd2 b6 21.Nb3 O-O 22.Bc3 Rc4
23.Nd2 Rc7 24.Bd4 e5 25.fxe6 Bxe6 26.a3 Rfc8 27.c3 b5 28.Nf3 Nc5 29.Bxc5 dxc5
30.Nd2 b4 31.Kc2 bxa3 32.bxa3 Bd7 33.Rb1 Ba4+ 34.Kc1 Rd8 35.Rh3 Rcd7 36.Nc4 Rd1+  0-1

[Event "Open Dutch Champ"]
[Site "Dieren NED"]
[Date "2004.08.02"]
[Round "6"]
[White "Janssen,R"]
[Black "Tiviakov,S"]
[Result "0-1"]
[WhiteElo "2484"]
[BlackElo "2601"]

1.d4 Nf6 2.c4 e6 3.Nc3 Bb4 4.e3 O-O 5.Ne2 d5 6.a3 Be7 7.cxd5 Nxd5 8.Bd2 Nd7
9.g3 b6 10.Nxd5 exd5 11.Bg2 Nf6 12.O-O Bb7 13.Rc1 Qd7 14.Qc2 Bd6 15.Bb4 Bxb4
16.axb4 c6 17.Nf4 a6 18.Qc3 Qd6 19.f3 Rfe8 20.Rfe1 Rad8 21.Rcd1 Nd7 22.e4 dxe4
23.fxe4 Nf8 24.e5 Qd7 25.Bh3 Qe7 26.Bg2 Ne6 27.Rf1 h6 28.Rd2 Nc7 29.Qf3 Nb5
30.Nh5 Bc8 31.Qf4 c5 32.bxc5 bxc5 33.d5 Nd4 34.Rdf2 Bf5 35.g4 Bg6 36.Re1 Qg5
37.Ng3 Nc2 38.Ree2 Nb4 39.d6 Nd3 40.Qxg5 hxg5 41.Nf5 Bxf5 42.Rxf5 g6 43.Rxg5 Nf4
44.Bf1 f6  0-1